00402cam a22001217a 4500008004000000082001300040100003200053245010500085260005000190300000900240650001400249650001700263180718b2007 xxu||||| |||| 00| 0 eng d aV43 Sa84 aSatyanand, Premila Nazareth aOverview and key findings: engaging with citizens to improve servicescby Premila Nazareth Satyanand aNew DelhibWater and Sanitation Programc2007 a54p. aSanitaion aWater supply